| 000 | 00990cam a22002651 4500 | ||
|---|---|---|---|
| 001 | 000019141 | ||
| 003 | DO-SdBNP | ||
| 005 | 20260120113829.0 | ||
| 008 | 720824s1951 xxu 000 0 eng | ||
| 010 |
_an 79053092 _zn 2024046865 |
||
| 040 |
_aDO-SdBNP _cOClU _dOCoLC _dDLC _dBNPHU |
||
| 082 | 4 |
_a364.63 _bP962r _222 |
|
| 110 | 2 |
_aNaciones Unidas. _bDepartamento de Asuntos Sociales _941183 |
|
| 245 | 1 | 0 | _aProbation and related measures. |
| 260 |
_aNew York : _bUnited Nations, _c1951. |
||
| 300 |
_axvi, 407p. ; _c23cm. |
||
| 490 | 0 | _aUnited Nations. [Document] E/CN.5/230.2 Jan. 1951 | |
| 500 | _a"publicaciones de las Naciones Unidas. no.: 1951.iv.2." | ||
| 504 | _aIncluye referencias bibliográficas y notas al pie de las páginas. | ||
| 504 | _aIncluye bibliografía p.(377-391.) | ||
| 650 | 7 |
_aLibertad condicional _941184 _2LIBRUNAM |
|
| 830 | 0 |
_aUnited Nations. [Document] E/CN.5/230.2 Jan. 1951 _941186 |
|
| 910 | _aCatalogación derivada / LC | ||
| 942 |
_2ddc _cLBS1 |
||
| 999 |
_c18659 _d18659 |
||